Fluorine Chemistry Volume III
Enregistré dans:
| Autres auteurs: | |
|---|---|
| Format: | Livre |
| Langue: | anglais |
| Publié: |
New York
Academic Press
1963
|
| Sujets: | |
| Accès en ligne: | Voir à l'OPAC |
| Tags: |
Pas de tags, Soyez le premier à ajouter un tag!
|
MARC
| LEADER | 00000nam a2200000 a 4500 | ||
|---|---|---|---|
| 005 | 20260127134003.0 | ||
| 008 | 090312 1963 xxu 000 0 eng d | ||
| 035 | |a vtls009482790 | ||
| 039 | 9 | |y 200903121209 |z mschk03 | |
| 040 | |a STUSCHK1 |b slo |c STUSCHK1 |e AACR2 | ||
| 080 | |a 547 | ||
| 080 | |a 661.48 | ||
| 245 | 1 | |a Fluorine Chemistry |n Volume III |c edited by J.H.Simons | |
| 260 | |a New York |b Academic Press |c 1963 | ||
| 300 | |a xi, 240 s. |b il. |c 23,5 cm | ||
| 650 | 0 | |a fluoriny | |
| 650 | 0 | |a organická chémia | |
| 700 | 1 | |a Simons, J.H. |4 eds. | |
| 910 | |a SCHK95 | ||
| 999 | |c 1548 |d 1548 | ||